<?xml version="1.0" encoding="UTF-8"?>
<record
    xmlns:xsi="http://www.w3.org/2001/XMLSchema-instance"
    xsi:schemaLocation="http://www.loc.gov/MARC21/slim http://www.loc.gov/standards/marcxml/schema/MARC21slim.xsd"
    xmlns="http://www.loc.gov/MARC21/slim">

  <leader>00869cam a2200229 a 4500</leader>
  <controlfield tag="001">80997</controlfield>
  <controlfield tag="003">BD-RjUL</controlfield>
  <controlfield tag="005">20221220130809.0</controlfield>
  <controlfield tag="008">221220s1983    ua       b    000 0 ara  </controlfield>
  <datafield tag="035" ind1=" " ind2=" ">
    <subfield code="a">(BD-RjUL)80997</subfield>
  </datafield>
  <datafield tag="040" ind1=" " ind2=" ">
    <subfield code="a">DLC-R</subfield>
    <subfield code="c">DLC-R</subfield>
    <subfield code="d">DLC</subfield>
    <subfield code="b">eng</subfield>
  </datafield>
  <datafield tag="041" ind1=" " ind2=" ">
    <subfield code="a">ara</subfield>
  </datafield>
  <datafield tag="100" ind1="1" ind2=" ">
    <subfield code="a">Oghli, Mahmoud Sami Ramadan       &#x627;&#x648;&#x63A;&#x644;&#x64A;, &#x645;&#x62D;&#x645;&#x648;&#x62F; &#x633;&#x627;&#x645;&#x64A; &#x631;&#x645;&#x636;&#x627;&#x646;</subfield>
    <subfield code="9">6385</subfield>
  </datafield>
  <datafield tag="245" ind1="1" ind2="0">
    <subfield code="a">Tafs&#x12B;r S&#x16B;rat Y&#x16B;suf &#x2BB;alayhi al-sal&#x101;m /&#x62A;&#x641;&#x633;&#x64A;&#x631; &#x633;&#x648;&#x631;&#x629; &#x64A;&#x648;&#x633;&#x641; &#x639;&#x644;&#x64A;&#x647; &#x627;&#x644;&#x633;&#x644;&#x627;&#x645; /</subfield>
    <subfield code="c">Mahmoud Sami Ramadan Oglu        &#x645;&#x62D;&#x645;&#x648;&#x62F; &#x633;&#x627;&#x645;&#x64A; &#x631;&#x645;&#x636;&#x627;&#x646; &#x627;&#x648;&#x63A;&#x644;&#x64A;</subfield>
  </datafield>
  <datafield tag="260" ind1=" " ind2=" ">
    <subfield code="a">Istambul :</subfield>
    <subfield code="b">&#x62F;&#x627;&#x631;&#x627;&#x644;&#x627;&#x631;&#x642;&#x627;&#x645; ,</subfield>
    <subfield code="c">1983</subfield>
  </datafield>
  <datafield tag="300" ind1=" " ind2=" ">
    <subfield code="a">125 p. ;</subfield>
    <subfield code="c">18 cm.</subfield>
  </datafield>
  <datafield tag="490" ind1="1" ind2=" ">
    <subfield code="a">al-Tafs&#x12B;r al-was&#x12B;&#x1E6D; lil-Qur&#x2BC;&#x101;n al-kar&#x12B;m</subfield>
  </datafield>
  <datafield tag="504" ind1=" " ind2=" ">
    <subfield code="a">Includes bibliographical references.</subfield>
  </datafield>
  <datafield tag="650" ind1=" " ind2=" ">
    <subfield code="a">Tafsir </subfield>
    <subfield code="v">Quran</subfield>
    <subfield code="9">6386</subfield>
  </datafield>
  <datafield tag="650" ind1=" " ind2=" ">
    <subfield code="a">&#x633;&#x648;&#x631;&#x629; &#x64A;&#x648;&#x633;&#x641;.</subfield>
    <subfield code="v">&#x642;&#x631;&#x622;&#x646;.</subfield>
    <subfield code="9">6387</subfield>
  </datafield>
  <datafield tag="942" ind1=" " ind2=" ">
    <subfield code="2">ddc</subfield>
    <subfield code="c">BK</subfield>
  </datafield>
  <datafield tag="999" ind1=" " ind2=" ">
    <subfield code="c">80997</subfield>
    <subfield code="d">80997</subfield>
  </datafield>
  <datafield tag="952" ind1=" " ind2=" ">
    <subfield code="0">0</subfield>
    <subfield code="1">0</subfield>
    <subfield code="2">ddc</subfield>
    <subfield code="4">0</subfield>
    <subfield code="7">1</subfield>
    <subfield code="8">NFIC</subfield>
    <subfield code="a">RUCL</subfield>
    <subfield code="b">RUCL</subfield>
    <subfield code="c">Reading</subfield>
    <subfield code="d">1993-08-17</subfield>
    <subfield code="l">0</subfield>
    <subfield code="o">A 297.1225 UGU 1983</subfield>
    <subfield code="r">2022-12-20 00:00:00</subfield>
    <subfield code="t">C-1</subfield>
    <subfield code="w">2022-12-20</subfield>
    <subfield code="y">BK</subfield>
  </datafield>
</record>
